Четыре происшествия; Одинокий стрелок по бегущей мишени. Объезд по прямой. Завтрак с неизвестными. Последний посетитель: [Роман, повесть, пьесы]

Bibliografiska uppgifter
Huvudupphovsman: Дозорцев В. Л. Владлен Леонидович
Sammanfattning:Исключено из фонда НТБ ТПУ
Språk:ryska
Publicerad: Рига, Лиесма, 1990
Materialtyp: MixedMaterials Bok
KOHA link:https://koha.lib.tpu.ru/cgi-bin/koha/opac-detail.pl?biblionumber=137798

MARC

LEADER 00000nam0a2200000 4500
001 137798
005 20231031141203.0
010 |a 5410001710 
020 |a RU  |b 91-4298 
035 |a (RuTPU)RU\TPU\book\149328 
090 |a 137798 
100 |a 20080516d1990 m y0rusy5003 ca 
101 0 |a rus 
102 |a LV 
105 |a a z 000ay 
200 1 |a Четыре происшествия  |a Одинокий стрелок по бегущей мишени. Объезд по прямой. Завтрак с неизвестными. Последний посетитель  |e [Роман, повесть, пьесы]  |f В. Л. Дозорцев 
210 |a Рига  |c Лиесма  |d 1990 
215 |a 427,[2] с., [1] л. портр.  |d 17 см 
333 |a Исключено из фонда НТБ ТПУ 
675 |a Р2  |z rus 
700 1 |a Дозорцев  |b В. Л.  |g Владлен Леонидович  |4 070 
801 0 |a RU  |b RuMRKP  |c 19950417  |g psbo 
801 1 |a RU  |b 63413507  |c 20080516  |g PSBO 
801 2 |a RU  |b 63413507  |c 20230213  |g PSBO 
942 |c BK